| 000 | 01863cam a2200421 a 4500 | ||
|---|---|---|---|
| 005 | 2015112002232.0 | ||
| 008 | 040220s2003 enkk b 001 0 eng d | ||
| 010 | _a 2004269734 | ||
| 015 | _aGBA3-X7562 | ||
| 020 | _z0521825954 (hardback) | ||
| 020 | _z052153335X (pbk.) | ||
| 020 | _a9780521825955 | ||
| 020 | _a0521825954 | ||
| 035 |
_a(OCoLC)52058013 _z(OCoLC)52963767 |
||
| 037 | _bPitt Bldg., Trumpington Street, Cambridge CB2 1RP, UK | ||
| 040 | _cTZ-ArACH | ||
| 041 | _aeng | ||
| 043 |
_an------ _as------ |
||
| 050 | 0 | 0 |
_aKDZ579 .I58 _b.P37 |
| 100 | 1 |
_aPasqualucci, Jo M. _9160 |
|
| 245 | 1 | 4 |
_aPractice and procedure of the Inter-American Court of Human Rights / _cJo M. Pasqualucci. |
| 260 |
_aCambridge, UK ; _aNew York, NY : _bCambridge University Press, _c2003. |
||
| 300 |
_axlvii, 488 p. : _bform ; _c24 cm. |
||
| 504 | _aIncludes bibliographical references (p. 458-469) and index. | ||
| 610 | 2 | 0 |
_aInter-American Court of Human Rights _xRules and practice. _9161 |
| 610 | 2 | 6 |
_aInter-American Court of Human Rights. _9162 |
| 650 | 0 |
_aInternational courts _xRules and practice. _9163 |
|
| 650 | 0 |
_aHuman rights _zAmerica. _9164 |
|
| 650 | 1 | 7 |
_aInter-American Court of Human Rights. _2gtt _9165 |
| 650 | 1 | 7 | _9166 |
| 650 | 1 | 7 | _9167 |
| 650 | 6 |
_aDroits de l'homme (Droit international) _9168 |
|
| 856 | 4 | 2 |
_3Publisher description _uhttp://www.loc.gov/catdir/description/cam041/2004269734.html |
| 856 | 4 | 1 |
_3Table of contents _uhttp://www.loc.gov/catdir/toc/cam041/2004269734.html |
| 942 |
_2lcc _cBOOK |
||
| 999 |
_c450 _d450 |
||